Fr. Conceicao Rodrigues College of Engineering

Let us C++ (Record no. 22312)

MARC details
000 -LEADER
fixed length control field 00282nam a2200145Ia 4500
082 ## - DEWEY DECIMAL CLASSIFICATION NUMBER
Classification number 5.133
Item number KAN
100 ## - MAIN ENTRY--PERSONAL NAME
Personal name Kanetkar/ Yashwant
245 ## - TITLE STATEMENT
Title Let us C++
260 ## - PUBLICATION, DISTRIBUTION, ETC.
Name of publisher, distributor, etc. BPB Publication
Date of publication, distribution, etc. 1999
300 ## - PHYSICAL DESCRIPTION
Extent 605
546 ## - LANGUAGE NOTE
Language note ENGLISH
654 ## - SUBJECT ADDED ENTRY--FACETED TOPICAL TERMS
Focus term C
942 ## - ADDED ENTRY ELEMENTS (KOHA)
Koha item type BOOK
Holdings
Withdrawn status Lost status Damaged status Not for loan Collection Home library Current library Date acquired Inventory number Total Checkouts Full call number Barcode Date last seen Date last checked out Price effective from Koha item type
        CRC Fr. Agnel's C.Rodrigues College of Engineering AGNEL TECHNICAL COLLEGE LIBRARY 17/03/2023 3757 1 5.133 KAN 11581 21/01/2026 26/12/2025 17/03/2023 BOOK
        CRC Fr. Agnel's C.Rodrigues College of Engineering AGNEL TECHNICAL COLLEGE LIBRARY 17/03/2023   4 5.133 KAN 11583 16/02/2026 28/01/2026 17/03/2023 BOOK
        CRC Fr. Agnel's C.Rodrigues College of Engineering Fr. Agnel's C.Rodrigues College of Engineering 17/03/2023     5.133 KAN 11582 17/03/2023   17/03/2023 BOOK
        CRC Fr. Agnel's C.Rodrigues College of Engineering Fr. Agnel's C.Rodrigues College of Engineering 17/03/2023   3 5.133 KAN 11584 07/01/2026 22/12/2025 17/03/2023 BOOK
        CRC Fr. Agnel's C.Rodrigues College of Engineering Fr. Agnel's C.Rodrigues College of Engineering 17/03/2023     5.133 KAN 11585 17/03/2023   17/03/2023 BOOK